[Event "C'Chartres Blitz op"]
[Site "Europe Echecs INT"]
[Date "2020.11.28"]
[Round "9"]
[White "Guezennec, Franck"]
[Black "Maghsoodloo, Parham"]
[Result "0-1"]
[WhiteElo "2282"]
[BlackElo "2676"]
[PlyCount "94"]
[EventDate "2020.11.28"]
[EventType "swiss (blitz)"]
[EventRounds "11"]
[EventCountry "FRA"]
[SourceTitle "CBM 199 Extra"]
[Source "ChessBase"]
[SourceDate "2021.01.31"]
[SourceVersion "1"]
[SourceVersionDate "2021.01.31"]
[SourceQuality "1"]

1. e4 c5 2. Nf3 Nc6 3. Bb5 e6 4. 0-0 Nge7 5. Re1 a6 6. Bf1 d5 7. exd5 Nxd5 8. Nc3 Be7 9. Nxd5 Qxd5 10. d3 0-0 11. Bf4 b5 12. g3 Bb7 13. Bg2 Nd4 14. Nh4 Qd7 15. c3 Bxh4 16. cxd4 Bxg2 17. Kxg2 Bf6 18. dxc5 Qd5+ 19. Qf3 Qxc5 20. Rac1 Qd4 21. b3 Rad8 22. Rc6 a5 23. Ra6 Qxd3 24. Qxd3 Rxd3 25. Rc1 Bc3 26. Rb6 b4 27. Rb5 Rd5 28. Rxd5 exd5 29. Rd1 d4 30. Kf3 f5 31. Ke2 a4 32. Kd3 Ra8 33. Be5 axb3 34. axb3 Ra2 35. f4 Rxh2 36. Bxd4 Rb2 37. Kc4 Rd2 38. Rxd2 Bxd2 39. Bc5 Be1 40. Bxb4 Bxg3 41. Bd6 g5 42. b4 g4 43. b5 Bf2 44. Bc5 Bxc5 45. Kxc5 g3 46. b6 g2 47. b7 g1Q+ 0-1

[Event "C'Chartres Blitz op"]
[Site "Europe Echecs INT"]
[Date "2020.11.28"]
[Round "4"]
[White "Guezennec, Franck"]
[Black "Postny, Evgeny"]
[Result "1-0"]
[WhiteElo "2282"]
[BlackElo "2605"]
[PlyCount "113"]
[EventDate "2020.11.28"]
[EventType "swiss (blitz)"]
[EventRounds "11"]
[EventCountry "FRA"]
[SourceTitle "CBM 199 Extra"]
[Source "ChessBase"]
[SourceDate "2021.01.31"]
[SourceVersion "1"]
[SourceVersionDate "2021.01.31"]
[SourceQuality "1"]

1. e4 c6 2. d4 d5 3. Nc3 dxe4 4. Nxe4 Bf5 5. Ng3 Bg6 6. Nh3 Nf6 7. Bc4 e6 8. 0-0 Nbd7 9. f4 Bd6 10. f5 exf5 11. Nxf5 Bxf5 12. Rxf5 Qe7 13. Qf3 g6 14. Rxf6 Qxf6 15. Qe2+ Qe7 16. Qf2 0-0-0 17. Bg5 f6 18. Re1 Qf8 19. Bf4 g5 20. Bd2 Re8 21. Rf1 Qe7 22. Bd3 Kb8 23. c4 c5 24. Bc3 cxd4 25. Bxd4 Bc5 26. Kh1 Bxd4 27. Qxd4 Ne5 28. Be4 Rd8 29. Bd5 Rhe8 30. b3 Nd7 31. Ng1 Qe3 32. Qg4 Ne5 33. Qf5 Rd6 34. Qxh7 Qb6 35. c5 Rd7 36. Qxd7 Nxd7 37. cxb6 Nxb6 38. Bf3 Rc8 39. Rd1 Rc2 40. a4 a5 41. Rd6 Kc7 42. Rxf6 Rb2 43. Rf7+ Kd6 44. Rxb7 Rxb3 45. h3 Kc5 46. Ne2 Ra3 47. Rc7+ Kb4 48. Nd4 Kxa4 49. Rc6 Ra1+ 50. Kh2 Nd7 51. Rc4+ Ka3 52. Nc2+ Kb3 53. Rc7 Rc1 54. Nd4+ Kb2 55. Rxd7 a4 56. Rb7+ Kc3 57. Ne2+ 1-0

[Event "C'Chartres Blitz op"]
[Site "Europe Echecs INT"]
[Date "2020.11.28"]
[Round "6"]
[White "Guezennec, Franck"]
[Black "Vakhidov, Jahongir"]
[Result "1-0"]
[WhiteElo "2282"]
[BlackElo "2401"]
[PlyCount "85"]
[EventDate "2020.11.28"]
[EventType "swiss (blitz)"]
[EventRounds "11"]
[EventCountry "FRA"]
[SourceTitle "CBM 199 Extra"]
[Source "ChessBase"]
[SourceDate "2021.01.31"]
[SourceVersion "1"]
[SourceVersionDate "2021.01.31"]
[SourceQuality "1"]

1. e4 e5 2. Nf3 Nf6 3. Nxe5 d6 4. Nf3 Nxe4 5. Qe2 Qe7 6. d3 Nf6 7. Nc3 Nbd7 8. h3 c6 9. g4 Qxe2+ 10. Bxe2 Nb6 11. Bg5 Be7 12. 0-0-0 Bd7 13. Rhe1 h6 14. Bh4 g5 15. Bg3 0-0-0 16. Ne4 Be6 17. Nd4 d5 18. Nxf6 Bxf6 19. Nxe6 fxe6 20. f4 gxf4 21. Bxf4 Bg5 22. Rf1 Rdf8 23. Bd2 Kd7 24. c3 e5 25. Rf5 Rxf5 26. gxf5 Ke7 27. Bxg5+ hxg5 28. Bg4 Kf6 29. Kc2 Nc8 30. c4 Nd6 31. c5 Nb5 32. Kd2 Nd4 33. b4 Ra8 34. Rb1 a5 35. bxa5 Rxa5 36. Rxb7 Rxa2+ 37. Kd1 Ra5 38. Rb8 Rxc5 39. Rf8+ Ke7 40. Rg8 e4 41. dxe4 dxe4 42. Rxg5 Kf6 43. Rg6+ 1-0

[Event "FRA-ch Blitz Online Qual"]
[Site "Europe Echecs INT"]
[Date "2020.05.16"]
[Round "10"]
[White "Bujisho, Benjamin"]
[Black "Guezennec, Franck"]
[Result "1/2-1/2"]
[WhiteElo "2290"]
[BlackElo "2272"]
[PlyCount "96"]
[EventDate "2020.05.16"]
[EventType "swiss (blitz)"]
[EventRounds "15"]
[EventCountry "FRA"]
[SourceTitle "CBM 196 Extra"]
[Source "ChessBase"]
[SourceDate "2020.07.31"]
[SourceVersion "1"]
[SourceVersionDate "2020.07.31"]
[SourceQuality "1"]

1. d4 Nf6 2. Bf4 d6 3. Nf3 Nbd7 4. h3 g6 5. Nbd2 Bg7 6. e4 0-0 7. c3 Re8 8. Bc4 e5 9. dxe5 dxe5 10. Be3 Qe7 11. 0-0 b6 12. a4 a6 13. Re1 Bb7 14. Bg5 h6 15. Bh4 Rad8 16. Qc2 g5 17. Bg3 Nh5 18. Nf1 Nf4 19. Ne3 Nf8 20. Nf5 Qf6 21. Rad1 Bc8 22. Rxd8 Rxd8 23. Rd1 Rxd1+ 24. Qxd1 Bxf5 25. exf5 Qxf5 26. Bxa6 N8e6 27. Bc8 Bf8 28. Kh2 Bd6 29. b4 h5 30. a5 bxa5 31. bxa5 h4 32. a6 hxg3+ 33. fxg3 Bc5 34. gxf4 Qxf4+ 35. Kh1 e4 36. Nh2 e3 37. Bxe6 fxe6 38. Nf3 g4 39. Qd8+ Kg7 40. Qd7+ Kf8 41. Qd8+ Kf7 42. Qd7+ Kf6 43. Qd8+ Kf5 44. hxg4+ Ke4 45. Ng5+ Ke5 46. Nf3+ Ke4 47. Ng5+ Ke5 48. Nf3+ Ke4 1/2-1/2

[Event "FRA-ch Blitz Online Qual"]
[Site "Europe Echecs INT"]
[Date "2020.05.16"]
[Round "3"]
[White "Guezennec, Franck"]
[Black "Triton, Maxime"]
[Result "1-0"]
[WhiteElo "2272"]
[BlackElo "1843"]
[PlyCount "91"]
[EventDate "2020.05.16"]
[EventType "swiss (blitz)"]
[EventRounds "15"]
[EventCountry "FRA"]
[SourceTitle "CBM 196 Extra"]
[Source "ChessBase"]
[SourceDate "2020.07.31"]
[SourceVersion "1"]
[SourceVersionDate "2020.07.31"]
[SourceQuality "1"]

1. e4 c5 2. Nf3 e6 3. b3 b6 4. g3 Bb7 5. Qe2 Nf6 6. d3 Be7 7. Bg2 0-0 8. Bb2 d5 9. e5 Nfd7 10. 0-0 Nc6 11. Nbd2 Re8 12. c3 f6 13. d4 Rc8 14. Rac1 cxd4 15. cxd4 Nb4 16. Rxc8 Qxc8 17. Rc1 Qd8 18. Qe3 fxe5 19. dxe5 Bc5 20. Bd4 Nxa2 21. Ra1 Nb4 22. Rxa7 Qb8 23. Ra4 Bc6 24. Ra1 Nc2 25. Qc3 Nxa1 26. Qxa1 Qa8 27. Qc3 Qa5 28. Qc2 Bb5 29. Bc3 Qa7 30. b4 Be7 31. h4 Rc8 32. Qb3 Qc7 33. Bd4 Bc4 34. Qe3 b5 35. Bh3 Nf8 36. Ng5 Bxb4 37. Nxe6 Nxe6 38. Bxe6+ Kh8 39. Nf3 Rf8 40. Ng5 Qe7 41. Bh3 h6 42. Nf3 Qf7 43. Bg2 Be7 44. e6 Qf5 45. Qxh6+ Kg8 46. Qxg7# 1-0

[Event "FRA-ch Blitz Online Qual"]
[Site "Europe Echecs INT"]
[Date "2020.05.16"]
[Round "7"]
[White "Guezennec, Franck"]
[Black "Velten, Paul"]
[Result "0-1"]
[WhiteElo "2272"]
[BlackElo "2480"]
[PlyCount "132"]
[EventDate "2020.05.16"]
[EventType "swiss (blitz)"]
[EventRounds "15"]
[EventCountry "FRA"]
[SourceTitle "CBM 196 Extra"]
[Source "ChessBase"]
[SourceDate "2020.07.31"]
[SourceVersion "1"]
[SourceVersionDate "2020.07.31"]
[SourceQuality "1"]

1. e4 c6 2. d4 d5 3. Nc3 dxe4 4. Nxe4 Nf6 5. Nxf6+ exf6 6. c3 Bd6 7. Bd3 0-0 8. Qc2 Re8+ 9. Ne2 h5 10. Be3 Na6 11. 0-0-0 Be6 12. Kb1 Nc7 13. Bh7+ Kf8 14. Bf5 Kg8 15. Rhe1 Qd7 16. Bxe6 Qxe6 17. Bc1 Qe4 18. g3 Qxc2+ 19. Kxc2 b5 20. b3 a5 21. a4 Nd5 22. Ng1 Rxe1 23. Rxe1 Nxc3 24. axb5 cxb5 25. Bd2 Nd5 26. Nf3 Rc8+ 27. Kd3 a4 28. bxa4 bxa4 29. Ra1 a3 30. Ne1 f5 31. Nc2 Ra8 32. Ra2 Kh7 33. Kc4 Nf6 34. Bb4 Rc8+ 35. Kb3 Bxb4 36. Nxb4 Ne4 37. f3 Rc3+ 38. Ka4 Rxf3 39. Rxa3 Rf2 40. Kb5 Rxh2 41. Rf3 g6 42. Kc6 Rd2 43. d5 Kg7 44. Nd3 Rc2+ 45. Kd7 Nf6+ 46. Kd6 Rc8 47. Nb4 Rd8+ 48. Kc5 Ne4+ 49. Kc6 Kf6 50. Nd3 Rd6+ 51. Kc7 Rxd5 52. Nf4 Rd1 53. Kc6 Rg1 54. Ne2 Rg2 55. Re3 Rxe2 56. Rxe2 Nxg3 57. Rg2 f4 58. Kd5 Kf5 59. Kd4 Kg4 60. Kd3 f3 61. Rf2 f5 62. Ke3 f4+ 63. Kd3 g5 64. Kd4 h4 65. Ke5 h3 66. Kf6 Ne4+ 0-1

[Event "FRA-ch Blitz Online Qual"]
[Site "Europe Echecs INT"]
[Date "2020.05.16"]
[Round "4"]
[White "Shchekachev, Andrei"]
[Black "Guezennec, Franck"]
[Result "1/2-1/2"]
[WhiteElo "2533"]
[BlackElo "2272"]
[PlyCount "72"]
[EventDate "2020.05.16"]
[EventType "swiss (blitz)"]
[EventRounds "15"]
[EventCountry "FRA"]
[SourceTitle "CBM 196 Extra"]
[Source "ChessBase"]
[SourceDate "2020.07.31"]
[SourceVersion "1"]
[SourceVersionDate "2020.07.31"]
[SourceQuality "1"]

1. Nf3 g6 2. e4 Bg7 3. d4 c6 4. Nc3 d5 5. h3 dxe4 6. Nxe4 Nd7 7. Bc4 Ngf6 8. Nxf6+ Nxf6 9. 0-0 0-0 10. c3 Bf5 11. Re1 b5 12. Bb3 a5 13. a4 Be4 14. Ne5 Bd5 15. Bg5 h6 16. Bh4 e6 17. Bc2 Qc7 18. b3 c5 19. axb5 cxd4 20. c4 Bb7 21. Qxd4 Nh5 22. Qe3 g5 23. Bxg5 hxg5 24. Qxg5 Nf6 25. Re3 Rfd8 26. Rg3 Ne8 27. Qh5 f5 28. Re1 Rd2 29. Bxf5 exf5 30. Qxf5 Rad8 31. Ng6 Rd1 32. Qe6+ Qf7 33. Ne7+ Kf8 34. Ng6+ Kg8 35. Ne7+ Kf8 36. Ng6+ Kg8 1/2-1/2

[Event "Europe Echecs online op April"]
[Site "Europe Echecs INT"]
[Date "2020.04.11"]
[Round "6"]
[White "Guezennec, Franck"]
[Black "Carrillo, Jesus"]
[Result "1-0"]
[WhiteElo "2285"]
[BlackElo "1969"]
[PlyCount "73"]
[EventDate "2020.04.11"]
[EventType "swiss (blitz)"]
[EventRounds "11"]
[EventCountry "FRA"]
[SourceTitle "EXT 2021"]
[Source "ChessBase"]
[SourceDate "2020.10.23"]
[SourceVersion "1"]
[SourceVersionDate "2020.10.23"]
[SourceQuality "1"]

1. e4 c5 2. Nf3 d6 3. d4 cxd4 4. Nxd4 Nf6 5. Nc3 a6 6. g3 g6 7. Bg2 Bg7 8. 0-0 0-0 9. b3 Nbd7 10. Bb2 Qc7 11. h3 e5 12. Nf3 b5 13. a4 b4 14. Nd5 Nxd5 15. exd5 a5 16. Nd2 f5 17. f4 exf4 18. Bxg7 Kxg7 19. Rxf4 Ne5 20. Nc4 Qc5+ 21. Kh2 Ba6 22. Nxe5 dxe5 23. Rh4 Rad8 24. Qd2 h5 25. Qg5 Be2 26. Qd2 Ba6 27. Re1 e4 28. Qg5 Kf7 29. Rxh5 gxh5 30. Qxf5+ Kg8 31. Qg6+ Kh8 32. Qxh5+ Kg7 33. Qg5+ Kh8 34. Qh6+ Kg8 35. Qg6+ Kh8 36. Rxe4 Rf4 37. Rxf4 1-0

[Event "Europe Echecs online op April"]
[Site "Europe Echecs INT"]
[Date "2020.04.11"]
[Round "8"]
[White "Guezennec, Franck"]
[Black "Terry, Renato"]
[Result "0-1"]
[WhiteElo "2285"]
[BlackElo "2581"]
[PlyCount "100"]
[EventDate "2020.04.11"]
[EventType "swiss (blitz)"]
[EventRounds "11"]
[EventCountry "FRA"]
[SourceTitle "EXT 2021"]
[Source "ChessBase"]
[SourceDate "2020.10.23"]
[SourceVersion "1"]
[SourceVersionDate "2020.10.23"]
[SourceQuality "1"]

1. e4 e6 2. d4 d5 3. Nc3 Nf6 4. e5 Nfd7 5. f4 c5 6. Nf3 Nc6 7. Be3 Be7 8. Qd2 0-0 9. a3 a6 10. Be2 b6 11. 0-0 f5 12. Kh1 Bb7 13. Rg1 cxd4 14. Nxd4 Nxd4 15. Bxd4 Kh8 16. g4 g6 17. gxf5 gxf5 18. Bf3 Nc5 19. b4 Ne4 20. Bxe4 dxe4 21. Qe3 b5 22. Ne2 Qe8 23. c3 Qh5 24. Ng3 Qh3 25. Rg2 Rg8 26. Rag1 Raf8 27. Nf1 Qh5 28. Rxg8+ Rxg8 29. Rxg8+ Kxg8 30. Qg3+ Kf7 31. Ne3 Bh4 32. Qg2 Qh6 33. Qf1 Bg3 34. h3 Qxf4 35. Qe2 Qf3+ 36. Qxf3 exf3 37. Kg1 f2+ 38. Kf1 Be4 39. Ke2 f4 40. Nf1 Bd5 41. Bxf2 Bc4+ 42. Ke1 Bxf2+ 43. Kxf2 Bxf1 44. Kxf1 Kg6 45. Kf2 Kf5 46. c4 bxc4 47. a4 Kxe5 48. b5 axb5 49. a5 Kd6 50. a6 Kc6 0-1

[Event "Reykjavik op"]
[Site "Reykjavik"]
[Date "2017.04.23"]
[Round "6"]
[White "Guezennec, Franck"]
[Black "Prieto, Alberto"]
[Result "1-0"]
[WhiteElo "2271"]
[BlackElo "1999"]
[PlyCount "47"]
[EventDate "2017.04.19"]
[EventType "swiss"]
[EventRounds "10"]
[EventCountry "ISL"]
[SourceTitle "CBM 178 Extra"]
[Source "ChessBase"]
[SourceDate "2017.06.22"]
[SourceVersion "1"]
[SourceVersionDate "2017.06.22"]
[SourceQuality "1"]

1. e4 e5 2. Nf3 Nc6 3. Bc4 Nf6 4. d3 Bc5 5. c3 d6 6. Nbd2 a6 7. Bb3 Be6 8. 0-0 0-0 9. a4 Qe7 10. a5 h6 11. Ra4 d5 12. exd5 Nxd5 13. Re1 Rad8 14. Nxe5 Nxe5 15. Rxe5 Bxf2+ 16. Kxf2 Qf6+ 17. Nf3 b5 18. axb6 cxb6 19. Rd4 Nc7 20. Rxd8 Rxd8 21. Bxe6 fxe6 22. Qe2 g5 23. h3 h5 24. Bxg5 1-0

[Event "Reykjavik op"]
[Site "Reykjavik"]
[Date "2017.04.21"]
[Round "4"]
[White "Guezennec, Franck"]
[Black "Vistisen, Lars"]
[Result "1-0"]
[WhiteElo "2271"]
[BlackElo "2097"]
[PlyCount "137"]
[EventDate "2017.04.19"]
[EventType "swiss"]
[EventRounds "10"]
[EventCountry "ISL"]
[SourceTitle "CBM 178 Extra"]
[Source "ChessBase"]
[SourceDate "2017.06.22"]
[SourceVersion "1"]
[SourceVersionDate "2017.06.22"]
[SourceQuality "1"]

1. e4 e5 2. Nf3 Nc6 3. Bc4 Nf6 4. d3 Be7 5. c3 0-0 6. Nbd2 d6 7. Bb3 Kh8 8. 0-0 Ng8 9. d4 f5 10. d5 Nb8 11. exf5 Bxf5 12. Bc2 Nd7 13. Bxf5 Rxf5 14. Ne4 Qe8 15. Qd3 Qg6 16. Ng3 Rf6 17. Qe2 Rf7 18. Be3 Nh6 19. Qb5 Nb6 20. a4 Rb8 21. a5 a6 22. Qb3 Nc8 23. Ra4 Ng4 24. Bc1 b5 25. axb6 Nxb6 26. Rxa6 Qd3 27. Ra4 Rxf3 28. gxf3 Qxf3 29. Qb4 Nf6 30. c4 Qg4 31. f3 Qg6 32. Kh1 Nbd7 33. Qa3 Nc5 34. Ra8 Rxa8 35. Qxa8+ Ng8 36. Qc8 Qc2 37. Be3 Nd3 38. b3 Qxb3 39. Qxc7 Nb2 40. Qb6 Qxb6 41. Bxb6 Nxc4 42. Ba7 g6 43. Rc1 Nb2 44. Ne4 Nd3 45. Rd1 Nf4 46. Bb8 Kg7 47. Nxd6 Nf6 48. Ne8+ Kf7 49. Nxf6 Bxf6 50. Bc7 Nh3 51. Kg2 Nf4+ 52. Kf1 h6 53. d6 Ne6 54. Rc1 Bd8 55. Bxd8 Nxd8 56. d7 Ke7 57. Rd1 Ne6 58. Rd5 Kd8 59. Rd6 Nf4 60. Kf2 h5 61. Ke3 Ng2+ 62. Ke4 Nh4 63. Rd3 g5 64. Kxe5 Ng6+ 65. Kf5 Nf4 66. Rd2 Nh3 67. Rd1 g4 68. fxg4 hxg4 69. Rf1 1-0

[Event "Barcelona Sants op-A18th"]
[Site "Barcelona"]
[Date "2016.08.26"]
[Round "8"]
[White "Fier, Alexandr"]
[Black "Guezennec, Franck"]
[Result "1-0"]
[WhiteElo "2627"]
[BlackElo "2232"]
[PlyCount "79"]
[EventDate "2016.08.19"]
[EventType "swiss"]
[EventRounds "10"]
[EventCountry "ESP"]
[SourceTitle "CBM 174 Extra"]
[Source "ChessBase"]
[SourceDate "2016.10.10"]
[SourceVersion "1"]
[SourceVersionDate "2016.10.10"]
[SourceQuality "1"]

1. e4 c5 2. Nf3 d6 3. d4 cxd4 4. Nxd4 Nf6 5. Nc3 a6 6. Bg5 Nbd7 7. f4 g6 8. Qe2 Bg7 9. 0-0-0 0-0 10. h4 Nh5 11. Qe1 h6 12. g4 Nhf6 13. Bxf6 Nxf6 14. g5 Ng4 15. h5 e5 16. Nf3 b5 17. Kb1 exf4 18. gxh6 Bxc3 19. Qxc3 Qf6 20. Qxf6 Nxf6 21. hxg6 fxg6 22. Rxd6 Bg4 23. Ng5 Rad8 24. h7+ Kg7 25. Rxd8 Rxd8 26. Be2 Rh8 27. Bxg4 Nxg4 28. Rh4 Ne5 29. Rxf4 Kh6 30. Nf7+ Nxf7 31. Rxf7 Rxh7 32. Rxh7+ Kxh7 33. Kc1 Kg7 34. Kd2 Kf6 35. Ke3 Ke5 36. c3 g5 37. b3 g4 38. c4 bxc4 39. bxc4 a5 40. a4 1-0

[Event "Lille Luce op 6th"]
[Site "Lille"]
[Date "2015.??.??"]
[Round "9.17"]
[White "Guezennec, Franck"]
[Black "Dumas, Victor"]
[Result "1-0"]
[WhiteElo "2231"]
[BlackElo "2066"]
[PlyCount "45"]
[EventDate "2015.05.04"]
[EventType "swiss"]
[EventRounds "9"]
[EventCountry "FRA"]
[SourceTitle "EXT 2017"]
[Source "ChessBase"]
[SourceDate "2016.10.25"]
[SourceVersion "1"]
[SourceVersionDate "2016.10.25"]
[SourceQuality "1"]

1. e4 e5 2. Nf3 Nc6 3. Bc4 Nf6 4. d3 Be7 5. c3 0-0 6. Nbd2 d5 7. Bb3 Bg4 8. h3 Bh5 9. Qe2 Re8 10. g4 dxe4 11. gxh5 exf3 12. Qxf3 e4 13. dxe4 Ne5 14. Qe2 Nd3+ 15. Kd1 Bc5 16. Kc2 Nf4 17. Qf3 N6xh5 18. Nf1 Qh4 19. Ng3 g5 20. Be3 Bxe3 21. Qxe3 Nxg3 22. fxg3 Ng2 23. Bxf7+ 1-0